1757 1209 1053 1277 1484 1810 1346 1168 1537 1234 1038 1407 1360 1952 1131 1641 1868 1171 1669 1125 1565 1880 1013 1210 1409 1777 1053 1587 1100 1117 1505 1119 1608 1294 1741 1428 1355 1216 1356 1919 1871 1213 1880 1338 1338 1211 1212 1215 1622 1096 1929 1667 1833 1652 1309 1955 1266 1104 1968 1125 1898 1148 1667 1930 1873 1652 1550 1084 1202 1572 1307 1692 1695 1720 1238 1968 1181 1245 1479 1138 1200 1151 1108 1133 1972 1822 1231 1852 1310 1588 1417 1685 1671 1447 1105 1500 1374 1056 1888 BCNSPRNW ULIB Ver.6.0+V

เปลี่ยนเป็นภาษาไทย

Change to English
 แสดงรายละเอียดบรรณานุกรม
  กลับหน้าหลัก

Brief Record : Get Marc (ISO 2709) : E-mail record : QR code < ปิดหน้าต่าง
LEADER : 00000nam 2200000uu 4500
001    13399121798
003     ULIB
008    121207s2551||||th 000 0 tha d
020    ^a9789741149492
060  4 ^aWQ209^bจ394ค
245 00 ^aคลื่นเสียงความถี่สูงทางสูติศาสตร์และนรีเวชวิทยา /^cจิตเกษม สุวรรณรัฐ,บรรณาธิการ.
250    ^aพิมพ์ครั้งที่1.
260    ^aสงขลา :^bชานเมืองการพิมพ์,^c2551.
300    ^a167 หน้า :^bภาพประกอบ ;^c26 ซม.
650  2 ^aPregnancy Complications.
650  2 ^aUltrasonography, Prenetal.
700 0  ^aจิตเกษม สุวรรณรัฐ,^eบรรณาธิการ.
710 2  ^aมหาวิทยาลัยสงขลานครินทร์.^bคณะแพทยศาสตร์.^bภาควิชาสูติศาสตร์และนรีเวชวิทยา.^bหน่วยเวชศาสตร์มารดาและทารกในครรภ์.
945    ^p320^l0^i15186
995    ^aทศพร
999    ^aทศพร เกษรทอง
รายการนี้ยังไม่มีแท็ก
คุณยังไม่ได้ล็อกอิน คุณสามารถมีกิจกรรมร่วมกับเว็บไซต์ได้ แต่ต้องล็อกอินก่อน ::
  ล็อกอิน

รายการสื่อสารสนเทศ

ลำดับที่ ประเภท เลขเรียก/บาร์โค้ด สถานที่ สถานะ
1. วิทยาศาสตร์การแพทย์ และสุขภาพ
วิทยาศาสตร์การแพทย์ และสุขภาพ
WQ209 จ394ค ฉ.1 
  Barcode: 15186
ห้องสมุดวิทยาเขตสวรรค์ประชารักษ์
►ส่วนจัดเก็บหนังสือเก่า สปร
บนชั้น
  ขอยืม

รายการใกล้เคียง
    หัวเรื่อง [Pregnancy Complications.]
    หัวเรื่อง [Ultrasonography, Prenetal.]

BibComment


ยังไม่เคยถูกคอมเมนท์

คอมเมนท์ทรัพยากรรายการนี้
  คอมเมนท์: คลื่นเสียงความถี..


 Copyright 2026. Bcnsprnw @Library